Five letters addressed to the yeomanry of the United States : containing some observations on the dangerous scheme of Governor Duer and Mr. Secretary Hamilton to establish national manufactories.

Bibliographic Details
Main Author: Logan, George, 1753-1821
Format: eBook
Language:English
Series:Making of the modern world (Goldsmiths'-Kress Library of Economic Literature)
Subjects:
Online Access:Connect to the full text of this electronic book

MARC

Tag First Indicator Second Indicator Subfields
LEADER 00000cam a2200000Ia 4500
001 in00002325813
005 20190326204701.0
006 m | d |
007 cr |n||||||||n
008 911021s1792 pau s 000 0 eng d
040 |a NYG  |c GKS  |d OCL  |d Thomson Gale  |d UtOrBLW 
043 |a n-us--- 
100 1 |a Logan, George,  |d 1753-1821. 
245 1 0 |a Five letters addressed to the yeomanry of the United States :  |b containing some observations on the dangerous scheme of Governor Duer and Mr. Secretary Hamilton to establish national manufactories. 
264 3 |a Philadelphia :  |b Printed by E. Oswald,  |c 1792. 
300 |a 28 pages ;  |c 21 cm. 
336 |a text  |b txt  |2 rdacontent 
337 |a computer  |b c  |2 rdamedia 
338 |a online resource  |b cr  |2 rdacarrier 
500 |a The authorship of this pamphlet and of "Letters addressed to the yeomanry of the United States ... by a farmer", Philadelphia 1791, and the similar "Letters ... by an American farmer", Philadelphia 1793, is attributed to George Logan on the authority of Citizen Adet, who had a copy of the Letters, 1793, with ms. dedication "from his friend, the author", whom Adet identified as "Dr. Laughan" [i.e. George Logan]--NUC pre-1956. 
500 |a Reproduction of original from Library of Congress. 
500 |a Goldsmiths'-Kress number 15147.3-1. 
510 4 |a OCLC,  |c 24592714 
533 |a Electronic reproduction.  |b Farmington Hills, Mich. :  |c Thomson Gale,  |d 2005.  |f (The making of the modern world).  |n Available via the World Wide Web.  |n Access limited to licensing agreements.  |7 s2005 miunns 
500 |a Electronic resource. 
650 0 |a Free trade. 
651 0 |a United States  |x Politics and government. 
655 0 |a Electronic books. 
830 0 |a Making of the modern world (Goldsmiths'-Kress Library of Economic Literature) 
856 4 0 |u http://proxy.library.tamu.edu/login?url=http://galenet.galegroup.com/servlet/MOME?af=RN&ae=U103696362&srchtp=a&ste=14&locID=txshracd2898  |z Connect to the full text of this electronic book  |t 0 
999 |a MARS 
999 f f |s 1065c32a-1608-39c1-bcc1-61e6e8e0807f  |i d19a01d7-69d6-30d5-b3dc-0a03e20f998f  |t 0 
952 f f |a Texas A&M University  |b College Station  |c Electronic Resources  |d Available Online  |t 0  |h No information provided 
998 f f |t 0  |l Available Online